Introduction to international markeing : (Record no. 129045)

MARC details
000 -LEADER
fixed length control field 00776nam a22002417a 4500
005 - DATE AND TIME OF LATEST TRANSACTION
control field 20170124110050.0
010 ## - LIBRARY OF CONGRESS CONTROL NUMBER
LC control number B-118580
020 ## - INTERNATIONAL STANDARD BOOK NUMBER
Terms of availability 195.00
International Standard Book Number 9788124202975
035 ## - SYSTEM CONTROL NUMBER
System control number B-224857
037 ## - SOURCE OF ACQUISITION
Source of stock number/acquisition Cen Lib/Ret
040 ## - CATALOGING SOURCE
Original cataloging agency DPL
Language of cataloging EN
082 ## - DEWEY DECIMAL CLASSIFICATION NUMBER
Classification number 658.8
Item number LEW
100 ## - MAIN ENTRY--PERSONAL NAME
Personal name Lewis, Matthew
9 (RLIN) 25211
245 ## - TITLE STATEMENT
Title Introduction to international markeing :
Statement of responsibility, etc by Keith Lewis [and] Matthew Housden
Remainder of title guide to going global /
260 ## - PUBLICATION, DISTRIBUTION, ETC. (IMPRINT)
Place of publication, distribution, etc New Delhi
Name of publisher, distributor, etc Crest publishing house
Date of publication, distribution, etc 2003
270 ## - ADDRESS
City New Delhi
Address G-2,16 Ansari road Daryaganj
Postal code 110002
300 ## - PHYSICAL DESCRIPTION
Extent v,186p.
Dimensions 20cm(pbk)
500 ## - GENERAL NOTE
General note Includes index
650 ## - SUBJECT ADDED ENTRY--TOPICAL TERM
Topical term or geographic name as entry element Marketing
9 (RLIN) 6818
650 ## - SUBJECT ADDED ENTRY--TOPICAL TERM
Topical term or geographic name as entry element Business studies
9 (RLIN) 25212
700 ## - ADDED ENTRY--PERSONAL NAME
9 (RLIN) 25098
Personal name Housden, Matthew
942 ## - ADDED ENTRY ELEMENTS (KOHA)
Source of classification or shelving scheme Dewey Decimal Classification
Koha item type English Books
Classification part 658.8
Call number suffix LEW
Holdings
Withdrawn status Lost status Damaged status Not for loan Home library Current library Date acquired Source of acquisition Cost, normal purchase price Total Checkouts Full call number Barcode Date last seen Copy number Cost, replacement price Price effective from Koha item type
        Central Library Central Library 04/07/2015 Cen Lib/Ret 0.00   658.8 LEW B-118580 04/07/2015 1 0.00 04/07/2015 English Books

© Delhi Public Library
Hit Counter
free hit counter